Speeches (Record no. 358944)

000 -LEADER
fixed length control field 00330cam a22001217a 4500
008 - FIXED-LENGTH DATA ELEMENTS--GENERAL INFORMATION
fixed length control field 180718bn.d. xxu||||| |||| 00| 0 eng d
082 ## - DEWEY DECIMAL CLASSIFICATION NUMBER
Classification number A99 B223a
100 ## - MAIN ENTRY--PERSONAL NAME
Personal name Banerji, Surendranath
245 ## - TITLE STATEMENT
Title Speeches
Statement of responsibility, etc. by Surendranath Banerji
260 ## - PUBLICATION, DISTRIBUTION, ETC.
Place of publication, distribution, etc. Madras
Name of publisher, distributor, etc. Natesan
Date of publication, distribution, etc. n.d.
300 ## - PHYSICAL DESCRIPTION
Extent 430p.
650 ## - SUBJECT ADDED ENTRY--TOPICAL TERM
Topical term or geographic name entry element Constitutional History - India
Holdings
Withdrawn status Lost status Damaged status Not for loan Permanent Location Current Location Date acquired Full call number Barcode Date last seen Price effective from Koha item type
        Indian Institute of Public Administration Indian Institute of Public Administration 1994-02-03 A99 B223a 9738 2018-07-21 2018-07-21 Book

Powered by Koha